Quiz do Mapa do Mundo - Statistics

Estatísticas Gerais
  • Esse quiz foi jogado 12 374 vezes
  • A pontuação média é 61 de 196
Respostas no mapa
Respostas codificadas por cores de uma escala verde-vermelha no mapa do quiz de acordo com a % correta abaixo.
 
Estatísticas das Respostas
Resposta % Correto
Canadá
81%
Estados Unidos
81%
México
77%
Brasil
61%
Argentina
59%
Chile
54%
Bolívia
50%
Uruguai
50%
África do Sul
49%
Paraguai
49%
Alemanha
48%
Equador
48%
Austrália
47%
Colômbia
47%
Cuba
47%
Espanha
47%
França
47%
Panamá
47%
Rússia
47%
Venezuela
47%
Peru
46%
Portugal
46%
Belize
44%
China
44%
Dinamarca
44%
Itália
44%
Reino Unido
44%
Irlanda
43%
Suriname
43%
Bahamas
42%
Islândia
42%
Arábia Saudita
41%
Egito
41%
Coreia do Norte
40%
Coreia do Sul
40%
Costa Rica
40%
El Salvador
40%
Índia
40%
Argélia
39%
Finlândia
39%
Guiana
39%
Jamaica
39%
Japão
39%
Madagáscar
39%
Bélgica
38%
Guatemala
38%
Haiti
38%
Noruega
38%
Bielorrússia
37%
Marrocos
37%
Suécia
37%
Ucrânia
37%
Andorra
36%
Angola
36%
Grécia
36%
Mongólia
36%
Nova Zelândia
36%
Países Baixos
36%
Polônia
36%
República Dominicana
36%
Cazaquistão
35%
Indonésia
35%
Nicarágua
35%
Áustria
34%
Cabo Verde
34%
Honduras
34%
Suíça
34%
Turquia
34%
Afeganistão
33%
Malta
33%
Estônia
32%
Papua Nova Guiné
32%
Tunísia
32%
Albânia
31%
Chipre
31%
Croácia
31%
Emirados Árabes Unidos
31%
Filipinas
31%
Lituânia
31%
Sudão
31%
Vaticano
31%
Bangladesh
30%
Irão
30%
Letónia
30%
Líbia
30%
Luxemburgo
30%
Mônaco
30%
Nepal
30%
Omã
30%
Somália
30%
Sudão do Sul
30%
Taiwan
30%
Butão
29%
Catar
29%
Etiópia
29%
Iémen
29%
Israel
29%
Maldivas
29%
Moçambique
29%
Paquistão
29%
República Checa
29%
Romênia
29%
Sri Lanka
29%
Vietname
29%
Bósnia e Herzegovina
28%
Camboja
28%
Chade
28%
Lesoto
28%
Liechtenstein
28%
República Centro-Africana
28%
Tailândia
28%
Armênia
27%
Botswana
27%
Bulgária
27%
Eritreia
27%
Iraque
27%
Malásia
27%
Namíbia
27%
Nigéria
27%
República Democrática do Congo
27%
Azerbaijão
26%
Birmânia
26%
Djibouti
26%
Eslováquia
26%
Eslovénia
26%
Essuatíni
26%
Hungria
26%
Kosovo
26%
Laos
26%
Mali
26%
Moldávia
26%
Níger
26%
República do Congo
26%
San Marino
26%
Camarões
25%
Jordânia
25%
Kuweit
25%
Macedónia do Norte
25%
Mauritânia
25%
São Tomé e Príncipe
25%
Senegal
25%
Sérvia
25%
Seychelles
25%
Síria
25%
Trinidad e Tobago
25%
Bahrein
24%
Burkina Faso
24%
Costa do Marfim
24%
Geórgia
24%
Líbano
24%
Quênia
24%
Timor-Leste
24%
Benim
23%
Comores
23%
Guiné Equatorial
23%
Malawi
23%
Maurícia
23%
Montenegro
23%
Singapura
23%
Tanzânia
23%
Zâmbia
23%
Zimbábue
23%
Estados Federados da Micronésia
22%
Gana
22%
Kiribati
22%
Ruanda
22%
Tajiquistão
22%
Uganda
22%
Uzbequistão
22%
Brunei
21%
Gabão
21%
Gâmbia
21%
Guiné
21%
Libéria
21%
Quirguistão
21%
Togo
21%
Turquemenistão
21%
Burundi
20%
Serra Leoa
20%
Guiné-Bissau
19%
Fiji
16%
Ilhas Marshall
15%
Palau
15%
Antígua e Barbuda
14%
Barbados
14%
Ilhas Salomão
14%
Nauru
14%
Dominica
12%
Granada
12%
Samoa
12%
Santa Lúcia
12%
Tonga
12%
Tuvalu
12%
São Vicente e Granadinas
11%
Vanuatu
11%
São Cristóvão e Nevis
10%
Nenhum quiz correspondente encontrado
Distribuição das Pontuações
Porcentagem de Pessoas com Cada Pontuação
Percentil de Números Respondidos
Sua Pontuação Histórica
Você não jogou esse quiz